Flash MX motion graphics

Bibliographic Details
Main Author: Seol, Euna (Author)
Format: Book
Language:English
Published: San Francisco, CA : Sybex 2002
Subjects:

MARC

LEADER 00000cam a2200000 7i4500
001 0000011771
005 20241017.0
008 231206 caua eng
020 |a 0782141250 (pbk) 
040 |a INS   |b eng   |e rda 
090 0 0 |a TR897.7   |b .S46 2002 
100 1 |a Seol, Euna ,   |e author 
245 1 0 |a Flash MX motion graphics   |c Seol Euna 
264 1 |a San Francisco, CA :   |b Sybex   |c 2002 
300 |a 324 pages :   |b colour illustrations ;   |c 26 cm. 
336 |a text  |2 rdacontent 
337 |a unmediated  |2 rdamedia 
338 |a volume  |2 rdacarrier 
650 0 |a Computer animation 
650 0 |a Flash (Computer file) 
650 0 |a Websites   |x Design 
999 |a 0000011117   |b BOOK   |c Open Shelf   |e Default branch